banner-ar

GUIDE TO LONDON MUSEUMS GALLERIES / (Record no. 11587)

MARC details
000 -الفاتح
حقل البيانات ثابتة الطول 00451nam a2200181Ia 4500
008 - عناصر البيانات ثابتة الطول - معلومات عامة
حقل البيانات ثابتة الطول 140319s9999 xx 000 0 eng d
040 ## - مصدر الفهرسة
وكالة الفهرسة الأصلية GCL /
وكالة النسخ GCL
082 04 - رقم تصنيف ديوى العشرى
رقم التصنيف 708.47
رقم المادة SG
100 1# - المدخل الرئيسى - إسم شخصى
الإسم الشخصى SPEELMAN, EDWARD
245 10 - بيان العنوان
العنوان GUIDE TO LONDON MUSEUMS GALLERIES /
بيان المسئوليه,etc SPEELMAN, EDWARD
260 ## - PUBLICATION, DISTRIBUTION, ETC. (IMPRINT)
تاريخ النشر أو التوزيع 1870
300 ## - الوصف المادى
التعداد 105P.
650 04 - المدخل الاضافى بالموضوع-مصطلح موضوعى
مصطلح موضوعي MUSEUMS
650 04 - المدخل الاضافى بالموضوع-مصطلح موضوعى
مصطلح موضوعي LONDON
650 04 - المدخل الاضافى بالموضوع-مصطلح موضوعى
مصطلح موضوعي GALLERIES
942 ## - عناصر المدخل الإضافي( كوها)
مصدر التصنيف او مخطط الترفيف Dewey Decimal Classification
Koha [default] item type كتاب
260 ## - PUBLICATION, DISTRIBUTION, ETC. (IMPRINT)
-- [S.N] :
-- EMPIRE HOUSE ،
Holdings
حالة التراجع حالة الفقد حالة تلف ليس للاعارة المكان المؤقت الموقع الحالى تاريخ الاكتساب اجمالي اﻻعارات رقم الطلب الباركود تاريخ اخر مشاهدة تاريخ تفعيل السعر نوع وعاء كوها
        مكتبة القاهرة الكبرى مكتبة القاهرة الكبرى 03/26/2014   708.47\SG 22844 03/26/2014 03/26/2014 كتاب

Powered By

EGPV